The Court of Appeal Civil Appeal No.71 of 2001 Richards Desmond Kaggwa Vs Nile Bank Ltd. (Record no. 3292)
[ view plain ]
| 000 -LEADER | |
|---|---|
| fixed length control field | 00640nam a22001217a 4500 |
| 008 - FIXED-LENGTH DATA ELEMENTS--GENERAL INFORMATION | |
| fixed length control field | 110620t xxu||||| |||| 00| 0 eng d |
| 010 ## - LIBRARY OF CONGRESS CONTROL NUMBER | |
| LC control number | CACAF59 |
| 245 ## - TITLE STATEMENT | |
| Title | The Court of Appeal Civil Appeal No.71 of 2001 Richards Desmond Kaggwa Vs Nile Bank Ltd. |
| 260 ## - PUBLICATION, DISTRIBUTION, ETC. (IMPRINT) | |
| Date of publication, distribution, etc | 2001 |
| 500 ## - GENERAL NOTE | |
| General note | Coram: Hon. Justice L.E.M. Mukasa- Kikonyogo, D.C.J<br/> Hon. Justice A. Twinomujuni ,JA<br/> Hon. Justice C.N.B. Kitumba, J.A |
| 500 ## - GENERAL NOTE | |
| General note | Arising from the judgment of the Principle Judge (Ntabgoba, PJ) dated 20th June 2001 in HCCS No. 740 of 1994 |
| Withdrawn status | Lost status | Source of classification or shelving scheme | Damaged status | Koha normalized classification for sorting | Not for loan | Location (home branch) | Sublocation or collection (holding branch) | Shelving location | Date acquired | Koha issues (times borrowed) | Koha full call number | Piece designation (barcode) | Koha date last seen | Price effective from | Koha item type |
|---|---|---|---|---|---|---|---|---|---|---|---|---|---|---|---|
| Dewey Decimal Classification | CACAF_59 | Law Development Centre Main Library | Law Development Centre Main Library | Law Reports | 06/20/2011 | CACAF59 | 71/2001/1 | 06/20/2011 | 06/20/2011 | Un Reported Cases |
